00707nam a22002177a 4500003000500000005001700005008004100022010000900063011000900072035000900081040000900090100003300099245012200132260004000254300001000294500001100304502007500315650004500390650002600435650002800461CHAP20220329133432.0971013s1993 r 00010 d a6335 a7307 a6530 cCHAP00aObregón Palacios, Arcadio. aEfectos del nivel de aceite vegetal en la ración, sobre la utilización de la energía por conejos en crecimiento aChapingo, Méx. :bEl autor,c1993 a53 h. a61-231 aTesis (Ing. Agr. Esp. en Zootecnia) -- UACH. Departamento de Zootecnia14aAceites vegetales en nutrición animal.14aConejosxNutrición.14aEnergía metabólica.